Redundancy, ruin and ritual - the disposal of ornaments and furnishings from Anglican churches (Record no. 73025)
[ view plain ]
| 000 -LEADER | |
|---|---|
| fixed length control field | 01758cam a2200289 4500 |
| 001 - CONTROL NUMBER | |
| control field | ABS66859 |
| 008 - FIXED-LENGTH DATA ELEMENTS--GENERAL INFORMATION | |
| fixed length control field | 030710n2003 000 0 eng u |
| 035 ## - SYSTEM CONTROL NUMBER | |
| System control number | (Sirsi) u122974 |
| 100 ## - MAIN ENTRY--PERSONAL NAME | |
| Personal name | Shelbourn, C. |
| 245 ## - TITLE STATEMENT | |
| Title | Redundancy, ruin and ritual - the disposal of ornaments and furnishings from Anglican churches |
| 260 ## - PUBLICATION, DISTRIBUTION, ETC. | |
| Date of publication, distribution, etc. | 2003 |
| 490 ## - SERIES STATEMENT | |
| Series statement | Art Antiquity and Law |
| Volume/sequential designation | 8(2) June 2003, 167-189(24) |
| 520 ## - SUMMARY, ETC. | |
| Summary, etc. | Highlights a number of important issues relating to the disposal of ornaments and furnishings from Anglican churches. Outlines the responsibilities of churchwardens and parochial church councils who are subject to Cannon Law and the Faculty Jurisdiction Rules 2000 and require permission to dispose of anything other than items considered to be of 'de minimis' value. Individuals engaged in the antiques and fine art profession, such as chartered arts and antique surveyors and auctioneers, need to be familiar with the Faculty Jurisdiction Rules and should practice due diligence. They should also have sources available for tracing and tracking stolen works of art such as the Art Loss Register. Extensive reference to case law throughout illustrates problems and conflicts of interest between the preservation of cultural objects and the financial necessity to sell off assets in order to preserve the financial security of the parish. |
| 590 ## - LOCAL NOTE (RLIN) | |
| Local note | ABS |
| 650 ## - SUBJECT ADDED ENTRY--TOPICAL TERM | |
| Topical term or geographic name entry element | ECCLESIASTICAL LAW |
| 650 ## - SUBJECT ADDED ENTRY--TOPICAL TERM | |
| Topical term or geographic name entry element | CHURCHES |
| 650 ## - SUBJECT ADDED ENTRY--TOPICAL TERM | |
| Topical term or geographic name entry element | FACULTY JURISDICTION RULES 2002 |
| 650 ## - SUBJECT ADDED ENTRY--TOPICAL TERM | |
| Topical term or geographic name entry element | STOLEN WORKS OF ART |
| 650 ## - SUBJECT ADDED ENTRY--TOPICAL TERM | |
| Topical term or geographic name entry element | DUE DILIGENCE |
| 650 ## - SUBJECT ADDED ENTRY--TOPICAL TERM | |
| Topical term or geographic name entry element | ART LOSS REGISTER |
| 650 ## - SUBJECT ADDED ENTRY--TOPICAL TERM | |
| Topical term or geographic name entry element | BURDEN OF PROOF |
| 650 ## - SUBJECT ADDED ENTRY--TOPICAL TERM | |
| Topical term or geographic name entry element | AUCTIONEERS |
| 650 ## - SUBJECT ADDED ENTRY--TOPICAL TERM | |
| Topical term or geographic name entry element | CULTURAL OBJECTS |
| 650 ## - SUBJECT ADDED ENTRY--TOPICAL TERM | |
| Topical term or geographic name entry element | CHURCH OF ENGLAND |
| 690 ## - LOCAL SUBJECT ADDED ENTRY--TOPICAL TERM (OCLC, RLIN) | |
| Topical term or geographic name as entry element | Arts and antiques |
| 9 (RLIN) | 6217 |
| 942 ## - ADDED ENTRY ELEMENTS (KOHA) | |
| Suppress in OPAC | 0 |
| Withdrawn status | Lost status | Source of classification or shelving scheme | Damaged status | Not for loan | Home library | Current library | Shelving location | Date acquired | Total Checkouts | Full call number | Barcode | Date last seen | Copy number | Price effective from | Koha item type |
|---|---|---|---|---|---|---|---|---|---|---|---|---|---|---|---|
| Dewey Decimal Classification | London | London | Journal article | 10/07/2003 | ABS66859 | 122974-1001 | 06/08/2019 | 1 | 06/08/2019 | Journal article |